[Event "Reykjavik op"]
[Site "Reykjavik"]
[Date "2019.04.09"]
[Round "3"]
[White "Larson, Gerald A"]
[Black "Jensson, Erlingur"]
[Result "0-1"]
[WhiteElo "2038"]
[BlackElo "1559"]
[PlyCount "134"]
[EventDate "2019.04.08"]
[EventType "swiss"]
[EventRounds "9"]
[EventCountry "ISL"]
[SourceTitle "CBM 189 Extra"]
[Source "ChessBase"]
[SourceDate "2019.06.03"]
[SourceVersion "1"]
[SourceVersionDate "2019.06.03"]
[SourceQuality "1"]

1. Nf3 d5 2. c4 c6 3. g3 Nf6 4. Bg2 e6 5. b3 dxc4 6. bxc4 Be7 7. 0-0 Nbd7 8. Bb2 Nb6 9. d3 c5 10. Nc3 a6 11. Qc2 Qc7 12. a4 h5 13. Rfb1 h4 14. Ne4 hxg3 15. hxg3 Nxe4 16. dxe4 f6 17. e5 f5 18. Bc1 Nd7 19. e4 g6 20. exf5 gxf5 21. Bf4 Rg8 22. Qd2 Rb8 23. a5 Nf8 24. Rb6 Ng6 25. Rab1 Bd8 26. Bg5 Nxe5 27. Bxd8 Nxf3+ 28. Bxf3 Qxd8 29. Qf4 Ra8 30. Bh5+ Kf8 31. Qh6+ Rg7 32. Qh8+ Rg8 33. Qh6+ Rg7 34. Qh8+ Rg8 35. Qe5 Qd4 36. Qe2 Rxg3+ 37. Kf1 Rh3 38. Bf3 Qh8 39. Qe3 Qd4 40. Qe2 Qh8 41. Qe3 Qd4 42. Qe2 Rh4 43. Rd1 Qxc4 44. Rd8+ Ke7 45. Qxc4 Rxc4 46. Rh8 Rb4 47. Rh7+ Kf6 48. Rd6 Rd4 49. Rb6 Bd7 50. Bxb7 Ra7 51. Ke1 Bc8 52. Bxc8 Rxh7 53. Rxe6+ Kg5 54. Bxa6 Re4+ 55. Rxe4 fxe4 56. Bc4 Kf4 57. Ke2 Rh3 58. a6 Ra3 59. Bb5 Ke5 60. Kd2 Kd4 61. Ke2 c4 62. Kd2 Ra5 63. Bd7 Rxa6 64. Bg4 Ra2+ 65. Kc1 Rxf2 66. Bd1 Kc3 67. Bh5 e3 0-1

[Event "Reykjavik Faxaven op"]
[Site "Reykjavik"]
[Date "2018.04.18"]
[Round "5"]
[White "Jensson, Erlingur"]
[Black "Hreinsson, Arnthor"]
[Result "0-1"]
[WhiteElo "1603"]
[BlackElo "1513"]
[PlyCount "116"]
[EventDate "2018.03.21"]
[EventType "swiss"]
[EventRounds "7"]
[EventCountry "ISL"]
[SourceTitle "EXT 2019"]
[Source "ChessBase"]
[SourceDate "2018.10.10"]
[SourceVersion "1"]
[SourceVersionDate "2018.10.10"]
[SourceQuality "1"]

1. g4 d5 2. Bg2 c6 3. h3 e5 4. d4 Bd6 5. e3 Nd7 6. Ne2 h5 7. gxh5 Rxh5 8. Ng3 Rh8 9. e4 exd4 10. Qxd4 Be5 11. Qe3 d4 12. Qa3 g6 13. Nd2 Qc7 14. Nc4 c5 15. Nxe5 Qxe5 16. f4 Qc7 17. Bd2 Ne7 18. 0-0-0 b5 19. e5 Rb8 20. Ne4 Nf5 21. Ba5 Nb6 22. Nxc5 Ne3 23. Rd2 Nec4 24. Qb4 Nxa5 25. Qxa5 Qxc5 26. Qxa7 Nd7 27. Qxc5 Nxc5 28. Rxd4 Bf5 29. Re1 Rc8 30. Kd2 Ne6 31. Rde4 Nxf4 32. Rxf4 Rxc2+ 33. Kd1 Rxg2 34. Rb4 Ke7 35. Re2 Rd8+ 36. Ke1 Rg1+ 37. Kf2 Rdd1 38. a4 Bd3 39. Rd2 Rdf1+ 40. Ke3 Rg3+ 41. Kd4 Rf4+ 42. Kc5 Rxb4 43. Kxb4 bxa4 44. Kxa4 Rxh3 45. b4 Ke6 46. Rf2 Re3 47. b5 Bxb5+ 48. Kxb5 Rxe5+ 49. Kc4 Re1 50. Kd4 f5 51. Ra2 f4 52. Ra6+ Kf5 53. Ra5+ Kg4 54. Kd3 g5 55. Kd2 Re6 56. Ra4 Kg3 57. Ra3+ f3 58. Kd1 Kg2 0-1